[Event "Sampa Chess Open 2024"]
[Site "Sao Paulo"]
[Date "2024.01.29"]
[Round "1.31"]
[White "Kropff, Ricardo"]
[Black "Dias, Clara"]
[Result "0-1"]
[WhiteElo "2052"]
[BlackElo "1717"]
[PlyCount "86"]
[EventDate "2024.01.29"]
[EventRounds "9"]
[EventCountry "BRA"]

1. Nf3 c5 2. c4 Nc6 3. d4 cxd4 4. Nxd4 e5 5. Nb5 d6 6. N1c3 a6 7. Na3 f5 8. g3
Nf6 9. Bg2 Be7 10. O-O O-O 11. Bg5 Nd4 $146 ({RR} 11... Be6 12. Bxf6 Bxf6 13.
Nd5 e4 14. Qd2 Kh8 15. Rab1 Bxd5 16. Qxd5 Ne7 17. Qxb7 Qa5 18. Rfd1 Rab8 19.
Qd7 Rfd8 20. Qe6 Nc6 21. Rd5 Qa4 22. Qxf5 Ne7 23. Qxe4 Nxd5 24. cxd5 Qxe4 25.
Bxe4 Rxb2 26. Rxb2 {Bauer,C (2599)-Tregubov,P (2628) Clichy 2004 1-0 (49)}) 12.
e3 Ne6 13. Bxf6 Bxf6 14. Nd5 e4 15. Nxf6+ Qxf6 16. Qd2 Nc5 17. b4 Nd3 18. f3
exf3 19. Bxf3 Ne5 20. Bd5+ Kh8 21. e4 Nf3+ 22. Rxf3 Qxa1+ 23. Kg2 Rb8 24. Nc2
Qe5 25. Nd4 Bd7 26. Qf2 g6 27. h4 Kg7 28. h5 Rf6 29. exf5 Bxf5 30. Kh2 Rbf8 31.
h6+ Kxh6 32. Qd2+ Kg7 33. Re3 Be4 34. Ne6+ Kh8 35. Nf4 Rxf4 36. gxf4 Qxf4+ 37.
Kh3 Qh6+ 38. Kg3 Qg5+ 39. Kh3 Rf3+ 40. Rxf3 Qxd2 41. Bxe4 Qxb4 42. Bd5 b5 43.
a3 Qd2 0-1

[Event "Sampa Chess Open 2024"]
[Site "Sao Paulo"]
[Date "2024.01.29"]
[Round "1.32"]
[White "Moreira, Paulo Vinicius Mace"]
[Black "Vargas, Goncalo Cintra"]
[Result "0-1"]
[WhiteElo "1711"]
[BlackElo "2041"]
[PlyCount "66"]
[EventDate "2024.01.29"]
[EventRounds "9"]
[EventCountry "BRA"]

1. d4 f5 2. Nf3 Nf6 3. c4 e6 4. g3 b6 ({RR} 4... g6 5. Bg2 Bg7 6. O-O O-O 7. d5
exd5 8. cxd5 d6 9. Nc3 a5 10. Nd4 Na6 11. Bg5 Nc5 12. Rc1 h6 13. Bd2 Qe7 14.
Ncb5 Nfe4 15. Be1 Re8 16. b3 Qd8 17. a3 Bd7 18. b4 axb4 19. axb4 {Nguyen,N 
(2621)-Sandipan,C (2594) Dubai 2014 1/2-1/2 (78)}) ({RR} 4... c6 5. Bf4 d5 6.
Nbd2 Be7 7. e3 O-O 8. Rc1 Ne4 9. h4 Nd7 10. Be2 Ndf6 11. a3 Bd7 12. Ne5 Be8 13.
Kf1 Nd7 14. Kg2 Nxe5 15. Bxe5 Bd6 16. Nxe4 fxe4 17. Bg4 Qe7 18. Bxd6 Qxd6 19.
Qb3 {Girya,O (2402)-Arabidze,M (2441) Riga LAT 2021 1-0 (51)}) 5. Bg2 Bb7 6.
Bg5 $146 ({RR} 6. Nbd2 Be7 7. O-O O-O 8. b3 a5 9. Bb2 d5 10. Ne5 Nbd7 11. Ndf3
Ne4 12. Nxd7 Qxd7 13. Ne5 Qe8 14. Rc1 c5 15. f3 Nf6 16. Rc2 dxc4 17. Nxc4 b5
18. Nd2 Nd5 19. Kf2 f4 20. dxc5 Ne3 {Novo,J-Contreras,V Buenos Aires 1967 0-1})
({RR} 6. Nc3 Ne4 7. O-O Nxc3 8. bxc3 Be7 9. a4 Qc8 10. Ba3 Bxa3 11. Rxa3 O-O
12. e3 Nc6 13. Nd2 Na5 14. Qe2 Bxg2 15. Kxg2 c5 16. Rc1 Qc6+ 17. Qf3 Rac8 18.
d5 Qb7 19. e4 Rce8 20. Qd3 fxe4 {Johansson,P (1996)-Hammer,J (2306) Gausdal
2006 0-1}) ({RR} 6. Nc3 Na6 7. O-O Be7 8. Bf4 O-O 9. Rc1 d6 10. a3 c5 11. d5 e5
12. Bg5 e4 13. Nh4 Ng4 14. Bxe7 Qxe7 15. e3 Ne5 16. Bh3 Bc8 17. Qh5 g5 18. f4
exf3 19. Nxf3 Nxf3+ 20. Rxf3 g4 {Simpson,W-Kirby,J Mission City 1993 1/2-1/2})
6... Bb4+ 7. Nc3 O-O 8. O-O Bxc3 9. bxc3 Qe8 10. Bxf6 Rxf6 11. Ne5 Bxg2 12.
Kxg2 d6 13. Nd3 Qc6+ 14. Kg1 Qxc4 15. Qd2 Nd7 16. Nb2 Qc6 17. c4 Re8 18. a4 a5
19. Rac1 e5 20. d5 Qa8 21. Nd3 e4 22. Nf4 Nc5 23. Nh5 Rf7 24. Qc2 Qd8 25. h4
Qd7 26. Ra1 f4 27. e3 fxe3 28. fxe3 Rxf1+ 29. Kxf1 Qg4 30. Qe2 Rf8+ 31. Ke1
Nd3+ 32. Kd1 Rf1+ 33. Kd2 Qxe2+ 0-1

[Event "Sampa Chess Open 2024"]
[Site "Sao Paulo"]
[Date "2024.01.29"]
[Round "1.33"]
[White "Dos Santos Junior, Haroldo Cunha"]
[Black "De Paula, Bruno Cesar Lima"]
[Result "1-0"]
[WhiteElo "2033"]
[BlackElo "1676"]
[PlyCount "71"]
[EventDate "2024.01.29"]
[EventRounds "9"]
[EventCountry "BRA"]

1. d4 d5 2. Nf3 c6 3. Bf4 e6 4. e3 f5 5. Be2 ({RR} 5. c4 Nf6 6. Nbd2 Bd6 7.
Bxd6 Qxd6 8. Bd3 O-O 9. O-O Ne4 10. Ne5 Nd7 11. Nxd7 Bxd7 12. Nf3 Be8 13. Ne5
Nf6 14. cxd5 cxd5 15. Rc1 Nd7 16. f4 Nxe5 17. fxe5 Qb6 18. Qb3 Qxb3 19. axb3
Bc6 {Bryzgalin,K (2474)-Sulashvili,M (2376) playchess.com INT 2005 1/2-1/2 (42)
}) 5... Nf6 6. O-O Be7 7. h3 $146 ({RR} 7. c4 O-O 8. Ne5 Bd7 9. Nc3 Be8 10. Rb1
Nbd7 11. b4 Ne4 12. Nxe4 dxe4 13. Nxd7 Bxd7 14. Qb3 Bg5 15. Bd6 Be7 16. Bxe7
Qxe7 17. b5 cxb5 18. cxb5 Kh8 19. Rbc1 Rfc8 20. Qb2 Qd6 21. g3 h6 {Schellig,
A-Sunderbrink,H Germany 1999 1/2-1/2}) ({RR} 7. Nbd2 O-O 8. Ne5 Nbd7 9. c4 Nxe5
10. Bxe5 Ne4 11. cxd5 cxd5 12. Nxe4 fxe4 13. f3 Bd6 14. Bxd6 Qxd6 15. fxe4 dxe4
16. Rxf8+ Qxf8 17. Qc2 Qf5 18. Rf1 Qd5 19. Qc7 Bd7 20. Bc4 Qc6 21. Qxc6 bxc6 {
Seeger,A (1616)-Hromova,Y chess.com INT 2021 1-0 (35)}) ({RR} 7. c4 O-O 8. Nbd2
Bd7 9. a3 Be8 10. b4 Ne4 11. Nxe4 fxe4 12. Ne5 Bf6 13. f3 exf3 14. Rxf3 Bh5 15.
Rh3 Bxe2 16. Qxe2 Qe8 17. Qd3 g6 18. Rf1 Nd7 19. Ng4 Bg7 20. e4 Nf6 21. Nxf6+
Rxf6 {Mischke,C-Maurer,R (2056) Saarlouis 2004 1/2-1/2}) 7... O-O 8. c4 Ne4 9.
Ne5 g5 10. Bh2 Nd7 11. f3 Nef6 12. Nc3 Nxe5 13. dxe5 Nd7 14. Kh1 Qb6 15. Qd2
Bc5 16. Na4 Qb4 17. Qxb4 Bxb4 18. a3 Bd2 19. e4 dxe4 20. fxe4 f4 21. Rad1 Be3
22. Rf3 Nb6 23. Nc3 Bd7 24. Rxe3 fxe3 25. c5 Nc8 26. Rxd7 Rf7 27. Rd3 Ne7 28.
Rd6 Ng6 29. Bc4 Rf2 30. Bxe6+ Kg7 31. Bg1 Rxb2 32. Bxe3 Rf8 33. Rd7+ Kh6 34.
Bf5 Re8 35. h4 Nf8 36. Bxg5+ 1-0

[Event "Sampa Chess Open 2024"]
[Site "Sao Paulo"]
[Date "2024.01.29"]
[Round "1.35"]
[White "Baena, Mauricio"]
[Black "Passos, Marco Aurelio Novae"]
[Result "0-1"]
[WhiteElo "1180"]
[BlackElo "1671"]
[PlyCount "55"]
[EventDate "2024.01.29"]
[EventRounds "9"]
[EventCountry "BRA"]

1. b3 d5 2. e3 Nf6 3. Bb2 Bg4 4. Be2 Bxe2 5. Nxe2 ({RR} 5. Qxe2 Nbd7 6. f4 e6
7. Nf3 Bd6 8. O-O Qe7 9. c4 c6 10. Nc3 a6 11. a3 O-O 12. d4 c5 13. Ne5 Rac8 14.
g4 cxd4 15. exd4 dxc4 16. bxc4 Rfd8 17. Rad1 Bxa3 18. Ba1 Ne8 19. Ne4 f6 {
Larsen,B (2535)-Piket,J (2615) Roquebrune 1992 0-1 (62)}) ({RR} 5. Qxe2 Nbd7 6.
f4 e6 7. Nf3 Be7 8. O-O O-O 9. d3 c5 10. Nbd2 Qc7 11. Ne5 Nxe5 12. Bxe5 Qc6 13.
Nf3 Rad8 14. Bb2 Qc7 15. Qf2 Rfe8 16. Qg3 c4 17. Be5 Qb6 18. Bd4 Qa6 19. Ne5
cxd3 {Sokolovsky,Y (2422)-Mirzoev,A (2438) chess.com INT 2021 0-1}) 5... Nbd7
6. Nbc3 $146 ({RR} 6. O-O e6 7. d3 c6 8. c4 Bd6 9. Nd2 Qe7 10. h3 O-O-O 11. Ng3
Kb8 12. cxd5 cxd5 13. f4 Rhg8 14. Nf3 h6 15. Ne5 g5 16. Nh5 gxf4 17. Nxd7+ Nxd7
18. Nxf4 Qh4 19. Qf3 Rg3 20. Qe2 Rdg8 {Schneider,G-Wyrwich,M Oberhausen 1998 1/
2-1/2 (59)}) ({RR} 6. d4 e6 7. Nd2 Bd6 8. c4 c6 9. Rc1 Qc7 10. h3 O-O 11. O-O
Rfe8 12. Nc3 a6 13. Re1 Rad8 14. Qc2 e5 15. dxe5 Nxe5 16. cxd5 cxd5 17. Red1
Qd7 18. Qb1 Qe6 19. Ne2 Nc6 20. Nf3 Ne4 {Cruz Lima,K (1626)-Avramidou,A (2260)
Batumi GEO 2018 0-1 (33)}) 6... e5 7. d4 e4 8. Nf4 c6 9. Nce2 g5 10. Nh3 Rg8
11. Qd2 h5 12. O-O-O a5 13. Kb1 a4 14. b4 a3 15. Bc1 Nb6 16. f4 Nc4 17. Qc3 g4
18. Ng5 Ra4 19. Qe1 Rxb4+ 20. Ka1 Qb6 21. Bd2 Rb2 22. Rb1 Rxb1+ 23. Qxb1 Qxb1+
24. Rxb1 Nxd2 25. Rxb7 Be7 26. Ng3 Nd7 27. Nxf7 Kxf7 28. Rxd7 0-1

[Event "Sampa Chess Open 2024"]
[Site "Sao Paulo"]
[Date "2024.01.29"]
[Round "1.36"]
[White "Pittoli, Vinicius Eduardo Mo"]
[Black "Re, Vinicius"]
[Result "1-0"]
[WhiteElo "1648"]
[BlackElo "1177"]
[PlyCount "59"]
[EventDate "2024.01.29"]
[EventRounds "9"]
[EventCountry "BRA"]

1. e4 e5 2. Nf3 Nc6 3. Bc4 Bc5 4. O-O Nf6 5. d3 O-O 6. h3 d5 7. exd5 Nxd5 8.
Re1 ({RR} 8. a4 f6 9. Nbd2 Be6 10. Nb3 Be7 11. Re1 Kh8 12. Bd2 Bg8 13. d4 exd4
14. Nbxd4 Nxd4 15. Nxd4 Qd7 16. Qf3 Rfe8 17. Re4 Bf8 18. Rh4 Re5 19. Bd3 Rd8
20. Bf5 Qe8 21. Qd3 Ne7 22. Bxh7 Rh5 {Carlsen,M (2832)-Karjakin,S (2781) Paris
2017 1/2-1/2 (66)}) 8... Re8 ({RR} 8... Nb6 9. Bb3 Bd6 10. Bg5 Qe8 11. d4 e4
12. Nc3 Bf5 13. Nh4 Qd7 14. Nxf5 Qxf5 15. Nxe4 Na5 16. c3 Nxb3 17. axb3 Nd5 18.
Nxd6 cxd6 19. Be7 Nxe7 20. Rxe7 Qb5 21. b4 Rfe8 22. Rxe8+ Qxe8 23. Qf3 {
Nasuta,G (2531)-Siekanska,Z (1705) Warsaw POL 2021 1-0 (34)}) 9. a3 $146 ({RR} 
9. d4 Nxd4 10. Nxd4 Nb6 11. Bb5 c6 12. Nxc6 bxc6 13. Bxc6 Qf6 14. Qf3 Qxf3 15.
gxf3 Bxh3 16. Bxa8 Nxa8 17. Be3 Bb4 18. c3 Bf8 19. Nd2 Nb6 20. Ne4 Nc4 21. b3
Nxe3 22. fxe3 Bc8 23. Rad1 Re6 {Siva,M (2360)-Cumming,R (2156) London 2016 1-0
(51)}) ({RR} 9. Ng5 Be6 10. c3 Qf6 11. Ne4 Qe7 12. Qf3 Bb6 13. a4 Rad8 14. Bg5
f6 15. Bxd5 Rxd5 16. Bxf6 Qf7 17. Qg3 Bf5 18. Bh4 Bxe4 19. Rxe4 Ne7 20. Bxe7
Rxd3 21. Qxd3 Qxf2+ 22. Kh2 Qg1+ 23. Kg3 Qf2+ {Amin,B (2683)-Aravindh,C (2605)
Moscow RUS 2019 1/2-1/2}) ({RR} 9. Nc3 Nxc3 10. bxc3 Na5 11. Nxe5 Nxc4 12. Nxc4
Be6 13. d4 Bxd4 14. Rxe6 Bxf2+ 15. Kxf2 Qxd1 16. Rxe8+ Rxe8 17. Ne3 Qd6 18. Nf5
Qf6 19. g4 g6 20. g5 Qxf5+ 21. Kg3 Re1 22. Kg2 Qxc2+ 23. Bd2 Qxd2+ {Tordera
Jumilla,J (1545)-Castilla Casanova,V (1713) Barcelona 2015 0-1}) 9... Nf6 10.
Nc3 Bf5 11. Ng5 Bg6 12. Be3 Bxe3 13. fxe3 h6 14. Nf3 e4 15. Nh2 Ne5 16. Ng4
Nfxg4 17. hxg4 exd3 18. cxd3 Bxd3 19. Bxd3 Nxd3 20. Re2 Qd7 21. Qc2 Ne5 22. Qf5
Qxf5 23. gxf5 Nc4 24. e4 Rad8 25. Rd1 Rxd1+ 26. Nxd1 g6 27. fxg6 fxg6 28. Nc3
a6 29. Nd5 c6 30. Nf6+ 1-0

[Event "Sampa Chess Open 2024"]
[Site "Sao Paulo"]
[Date "2024.01.29"]
[Round "1.37"]
[White "Ruvieri, Valter"]
[Black "Da Rocha, Lucas Sampaio"]
[Result "0-1"]
[WhiteElo "1067"]
[BlackElo "1647"]
[PlyCount "70"]
[EventDate "2024.01.29"]
[EventRounds "9"]
[EventCountry "BRA"]

1. d4 d5 2. e3 c5 3. b3 Nf6 4. Nf3 Nc6 5. c4 $146 ({RR} 5. Bd3 Bg4 6. Bb2 cxd4
7. exd4 e6 8. O-O Bd6 9. Nbd2 Qc7 10. h3 Bh5 11. c4 Rd8 12. c5 Bf4 13. Qc2 O-O
14. a3 Rfe8 15. g4 Bg6 16. Bxg6 hxg6 17. Rae1 e5 18. dxe5 Nxe5 19. Bxe5 Bxe5 {
John,W-Suechting,H Ostend 1907 1/2-1/2}) ({RR} 5. Bd3 Bg4 6. Bb2 cxd4 7. exd4
Qa5+ 8. Bc3 Qc7 9. h3 Bh5 10. Nbd2 e6 11. O-O Bd6 12. Bb2 O-O 13. c4 Bh2+ 14.
Kh1 Bf4 15. c5 e5 16. dxe5 Bxe5 17. Qc1 Bxb2 18. Qxb2 Nb4 19. Bb1 Qxc5 {
Reefschlaeger,H (2381)-Farago,I (2512) Seefeld 1999 1/2-1/2 (40)}) ({RR} 5. Bb5
Qa5+ 6. Bd2 Qxb5 7. a4 Qb6 8. a5 Qa6 9. dxc5 e6 10. b4 {0-1 (10) Mankirov,V 
(1643)-Borisov,S (2091) Elista 2014}) ({RR} 5. a3 Bg4 6. Bb2 cxd4 7. exd4 e6 8.
Nbd2 Bd6 9. Be2 Rc8 10. Ne5 Bf5 11. Rc1 O-O 12. f4 Nxd4 13. Bxd4 Bxa3 14. Bd3
Bxc1 15. Qxc1 Bxd3 16. Nxd3 Ne4 17. O-O Qc7 18. Nxe4 dxe4 19. Ne1 a5 {
Finogenov,M-Abramov,L Kuibyshev 1942 0-1 (41)}) ({RR} 5. a3 cxd4 6. exd4 Bf5 7.
Bb2 e6 8. Be2 Be7 9. O-O O-O 10. Nh4 Bg6 11. Nxg6 hxg6 12. Nd2 Qb6 13. Nf3 Rac8
14. Qd3 Ne4 15. c4 Na5 16. cxd5 exd5 17. Bd1 Bf6 18. Rc1 Rxc1 19. Bxc1 Rc8 {
Konarkowska Sokolov,H-Baumstark,G (2205) Bydgoszcz 1978 1/2-1/2}) 5... Bf5 6.
Bb2 Nb4 7. a3 Nc2+ 8. Ke2 Nxa1 9. Bxa1 e6 10. Nbd2 Be7 11. Bc3 O-O 12. Ne5 cxd4
13. exd4 dxc4 14. Ndxc4 Rc8 15. h4 b5 16. Ba5 Qd5 17. Ne3 Qb7 18. Nxf5 exf5 19.
f3 b4 20. a4 Qa6+ 21. Nc4 Rxc4 22. bxc4 Qxa5 23. Qb3 Bd6 24. Kd1 Qb6 25. c5
Bxc5 26. dxc5 Qxc5 27. Bd3 Nd5 28. Re1 Rd8 29. Re5 Nc3+ 30. Kd2 Qxe5 31. Qxb4
Qe2+ 32. Kxc3 Rxd3+ 33. Kc4 Qc2+ 34. Kb5 Rd5+ 35. Ka6 Qc6+ 0-1

[Event "Sampa Chess Open 2024"]
[Site "Sao Paulo"]
[Date "2024.01.29"]
[Round "1.38"]
[White "Bonilla Viamonte, Diego Armando"]
[Black "Leal, Alexandre Garcia"]
[Result "1/2-1/2"]
[WhiteElo "1620"]
[BlackElo "1899"]
[PlyCount "66"]
[EventDate "2024.01.29"]
[EventRounds "9"]
[EventCountry "BRA"]

1. c4 Nf6 2. Nc3 e6 3. g3 d5 4. cxd5 exd5 5. d4 Be7 6. Bg2 O-O 7. Bf4 ({RR} 7.
e3 c6 8. Nge2 a5 9. O-O Na6 10. Qc2 Re8 11. a3 Bf8 12. Bd2 Nc7 13. Rad1 Ne6 14.
Bc1 Ng5 15. f3 h6 16. e4 dxe4 17. fxe4 c5 18. e5 Ng4 19. h3 cxd4 20. hxg4 Bxg4
21. Bxg5 Qxg5 {Mirzoev,E (2443)-Oleksienko,M (2636) Lvov 2017 0-1 (48)}) 7...
c6 8. Nf3 ({RR} 8. e3 Bf5 9. Nge2 Nbd7 10. O-O Re8 11. f3 Bb4 12. Qb3 Qb6 13.
a3 Bf8 14. Qa2 h6 15. h4 Bd3 16. Rfd1 Bc4 17. Qb1 Nh5 18. e4 Nxf4 19. Nxf4 Nf6
20. e5 Nd7 21. Nd3 Qxd4+ 22. Kh2 Nxe5 {Brotanek,T-Jinova,L (2090) Prague CZE
2021 0-1 (39)}) 8... Be6 $146 ({RR} 8... h6 9. O-O Bf5 10. Qd2 Ne4 11. Nxe4
Bxe4 12. a3 Nd7 13. Rfe1 Rc8 14. Rac1 Re8 15. b4 Nb6 16. Qa2 Bf6 17. e3 Nc4 18.
Nd2 Bxg2 19. Kxg2 b5 20. Nxc4 bxc4 21. Qd2 g5 22. Be5 Bxe5 23. dxe5 {
Spakka-Burmistrov,A playchess.com INT 2004 0-1 (42)}) 9. h3 Nbd7 10. g4 Re8 11.
Nd2 Qb6 12. Nb3 c5 13. Rb1 c4 14. Na1 Bb4 15. Nc2 Bd6 16. Qc1 Qc7 17. Bxd6 Qxd6
18. O-O a6 19. Qg5 b5 20. e3 b4 21. Ne2 h6 22. Qh4 Ne4 23. Bxe4 dxe4 24. Ng3
Nf6 25. Kg2 Qf8 26. g5 hxg5 27. Qxg5 Rab8 28. d5 Nh7 29. Qh5 Nf6 30. Qg5 Nh7
31. Qh5 Nf6 32. Qg5 Nh7 33. Qh5 Nf6 1/2-1/2

[Event "Sampa Chess Open 2024"]
[Site "Sao Paulo"]
[Date "2024.01.29"]
[Round "1.39"]
[White "Kassab, Alexandre T Canelas"]
[Black "Munhoz, Joao Pedro"]
[Result "0-1"]
[WhiteElo "1800"]
[BlackElo "1608"]
[PlyCount "72"]
[EventDate "2024.01.29"]
[EventRounds "9"]
[EventCountry "BRA"]

1. e4 c5 2. Nf3 Nc6 3. d4 cxd4 4. Nxd4 g6 5. Be3 Nf6 6. Nc3 Bg7 7. Be2 O-O 8.
Qd2 d5 9. exd5 Nxd5 10. Nxc6 bxc6 11. Rd1 Be6 12. Nxd5 ({RR} 12. Bd4 Bxd4 13.
Qxd4 Qa5 14. Qa4 Qb6 15. Qa3 Rfb8 16. Na4 Qa5+ 17. Rd2 Rb4 18. Nc3 Qxa3 19.
bxa3 Rb2 20. Ne4 Rxa2 21. c4 Ra1+ 22. Rd1 Rxd1+ 23. Bxd1 Nf4 24. g3 Nd3+ 25.
Kd2 Rd8 {0-1 (25) Barczay,L (2465)-Adorjan,A (2515) Budapest 1978}) ({RR} 12.
Bh6 Qa5 13. Bxg7 Kxg7 14. Nxd5 Qxd2+ 15. Rxd2 Bxd5 16. O-O Rab8 17. b3 a5 18.
c4 Be6 19. Bf3 Rfc8 20. Rb1 Bxc4 21. Re1 Be6 22. Rc1 Rb6 23. h3 h6 24. Rc5 Ra6
25. Be2 Ra7 26. Rdc2 a4 {Oviedo Acosta,P (1637)-Brown,R (1594) chess.com INT
2021 1-0 (59)}) 12... Qxd5 13. Bf3 $146 ({RR} 13. Qxd5 Bxd5 14. Bf3 Bxf3 15.
gxf3 Bxb2 16. Rd7 Ba3 17. Ke2 a5 18. Rb1 Bd6 19. a4 Rfd8 20. Rxd8+ Rxd8 21. Rb7
Bb4 22. Rc7 c5 23. Rxe7 {1/2-1/2 (23) Puskas,M (2070)-Hecht,T (2055) Slovakia
1994}) 13... Qxa2 14. b3 Bd5 15. Bxd5 cxd5 16. O-O e6 17. Rc1 Rfc8 18. Qd3 Rc3
19. Qb5 Rac8 20. Ra1 Qxc2 21. Rxa7 Rxb3 22. Qd7 Rf8 23. Rc7 Rc3 24. Ra7 Rcc8
25. Bg5 Qc6 26. Qe7 h6 27. Bf4 Rce8 28. Qb4 e5 29. Rc1 Qe6 30. Bd2 Rc8 31. Rb1
d4 32. h3 Rc2 33. Qa5 e4 34. Rbb7 e3 35. fxe3 dxe3 36. Bb4 Qc6 0-1

[Event "Sampa Chess Open 2024"]
[Site "Sao Paulo"]
[Date "2024.01.29"]
[Round "1.41"]
[White "Dos Santos, Andre Vicente"]
[Black "Mattos, Bernardo Cunha"]
[Result "0-1"]
[WhiteElo "1800"]
[BlackElo "1567"]
[PlyCount "60"]
[EventDate "2024.01.29"]
[EventRounds "9"]
[EventCountry "BRA"]

1. e4 c5 2. Nf3 e6 3. c3 Nf6 4. e5 Nd5 5. d4 cxd4 6. cxd4 d6 7. Be2 Nc6 8. O-O
dxe5 9. dxe5 Be7 ({RR} 9... Qc7 10. Nc3 Nxc3 11. bxc3 Be7 12. Re1 b6 13. Bd3
Bb7 14. Qc2 h6 15. a4 Rd8 16. Bf4 O-O 17. h4 Rd7 18. h5 Rfd8 19. Rad1 Bc5 20.
Qe2 Ne7 21. Bb1 Nd5 22. Bd2 Kf8 23. c4 Nb4 24. Bf4 {Mann,C (2460)-Panzalovic,S
(2415) Germany 1998 1-0 (40)}) ({RR} 9... Bc5 10. Nbd2 O-O 11. Ne4 Bb6 12. Bg5
Qc7 13. Rc1 Qb8 14. Nd6 Nxe5 15. Nxc8 Nxf3+ 16. Bxf3 Rxc8 17. Rxc8+ Qxc8 18.
Bxd5 exd5 19. Qxd5 Qc2 20. Qd2 Rc8 21. Rc1 Qxc1+ 22. Qxc1 Rxc1+ 23. Bxc1 f6 24.
Kf1 {Teryaeva,V (1823)-Khongorzul,D (1573) Voronezh 2016 1/2-1/2 (59)}) 10. Bc4
$146 ({RR} 10. b3 O-O 11. Ba3 Qc7 12. Bb2 Rd8 13. Qc1 Bd7 14. Nc3 Be8 15. Na4
Rac8 16. Nc5 Nxe5 17. Bxe5 Qxc5 18. Bd4 Qa5 19. Qb2 Ba3 20. Qb1 Nf4 21. Qe4
Nxe2+ 22. Qxe2 Qf5 23. Rfd1 Bb5 24. Qe1 b6 {Hatzidakis,N (1589)-Sulashvili,M 
(2498) Paleochora 2010 0-1}) ({RR} 10. Bd2 O-O 11. Nc3 Nxc3 12. Bxc3 Bd7 13.
Qd2 Qb6 14. a3 Rfd8 15. Rad1 Be8 16. Qf4 {1/2-1/2 (16) Benko,F-Sanguineti,R
Mar del Plata 1968}) ({RR} 10. Qc2 Bd7 11. Nc3 Nxc3 12. Qxc3 Rc8 13. Qb3 Qc7
14. Bf4 O-O 15. Qd3 Nb4 16. Qe4 Bc6 17. Qc4 Bd5 18. Qxc7 Rxc7 19. a3 Nc6 20.
Rac1 Rfc8 21. b4 Bxf3 22. Bxf3 Nd4 23. Rxc7 Nxf3+ 24. gxf3 Rxc7 {Makaj,
N-Milinkovic,N (2060) Ptuj 2011 1/2-1/2}) 10... O-O 11. Na3 Bxa3 12. bxa3 Nb6
13. Bb3 Qxd1 14. Rxd1 h6 15. Bb2 Ne7 16. h4 Ned5 17. Ne1 Bd7 18. Nc2 a5 19.
Bxd5 Nxd5 20. Ne3 Ba4 21. Rd4 Nxe3 22. Rxa4 Nd5 23. Rc4 Rfc8 24. Rac1 Nb6 25.
Rc7 Rab8 26. Bd4 Rxc7 27. Rxc7 Nd5 28. Rc1 Nf4 29. Kf1 Rd8 30. Be3 Ng6 0-1

[Event "Sampa Chess Open 2024"]
[Site "Sao Paulo"]
[Date "2024.01.29"]
[Round "1.42"]
[White "Alves, Josue Flor De Souza"]
[Black "Terra, Bruno De Oliveira"]
[Result "1/2-1/2"]
[WhiteElo "1551"]
[BlackElo "1800"]
[PlyCount "132"]
[EventDate "2024.01.29"]
[EventRounds "9"]
[EventCountry "BRA"]

1. d4 c6 2. e4 d5 3. exd5 cxd5 4. Bd3 Nc6 5. c3 Nf6 6. Bf4 g6 7. Nd2 Bg7 8.
Ngf3 O-O 9. h3 Re8 10. O-O Nh5 11. Bh2 e5 12. Bb5 $146 ({RR} 12. dxe5 Nxe5 13.
Nxe5 Bxe5 14. Bxe5 Rxe5 15. Nf3 Re8 16. Qa4 Be6 17. Qd4 a6 18. Rfe1 Qc7 19. Qe5
Qb6 20. Qd4 Qc7 21. Qe5 Qd7 22. Qh2 Bf5 23. Ne5 Rxe5 24. Qxe5 Bxd3 25. g4 Ng7
26. Qd4 Bb5 {Wachovius,H-Doenges,D Ruhrgebiet 2000 1-0 (59)}) ({RR} 12. dxe5
Nxe5 13. Nxe5 Bxe5 14. Bxe5 Rxe5 15. Nf3 Re8 16. Qa4 Bd7 17. Qd4 Qc7 18. Rfe1
Nf4 19. Bf1 Bf5 20. Rxe8+ Rxe8 21. Qxa7 Be4 22. Re1 Re7 23. Nd4 Re5 24. Re3 Rg5
25. g3 h5 26. h4 Rg4 {Ali,M (2399)-Jafarli,B (2175) Sitges ESP 2021 1-0 (46)})
({RR} 12. dxe5 Nxe5 13. Nxe5 Bxe5 14. Bxe5 Rxe5 15. Nf3 Re6 16. Qd2 Rf6 17. Nd4
Nf4 18. Rfe1 Bxh3 19. gxh3 Nxh3+ 20. Kg2 Rxf2+ 21. Qxf2 Nxf2 22. Kxf2 Qh4+ 23.
Kg2 Qg5+ 24. Kf3 Rd8 25. Re3 Rd6 26. Bf1 Qg1 {Enevoldsen,J-Lange,W Travemuende
1950 0-1 (40)}) ({RR} 12. dxe5 Nxe5 13. Nxe5 Bxe5 14. Bxe5 Rxe5 15. Nf3 Re8 16.
Bc2 Nf4 17. Re1 Rxe1+ 18. Qxe1 Be6 19. Qe5 Nh5 20. Rd1 Qb6 21. Bb3 a5 22. Rd2 {
1/2-1/2 (22) Ter,M (1971)-Toth,D (1924) Balatonlelle 2005}) 12... exd4 13. Nxd4
Bxd4 14. cxd4 Qb6 15. Bxc6 bxc6 16. Nb3 Ng7 17. Qd2 Ne6 18. Rfc1 Ba6 19. Nc5
Nxc5 20. Rxc5 Re2 21. Qc1 Rae8 22. Be5 Qxb2 23. Rxc6 Bc4 24. Qxb2 Rxb2 25. a4
a6 26. Ra3 f5 27. Rc7 Rb1+ 28. Kh2 Reb8 29. Rg7+ Kf8 30. Rxh7 R8b2 31. Rh6 Rb6
32. a5 Rc6 33. Rh7 Rb3 34. Rxb3 Bxb3 35. Rb7 Bc4 36. Rb6 Bb5 37. Rb7 Rc3 38.
Bd6+ Kg8 39. Bc5 f4 40. h4 f3 41. gxf3 Rxf3 42. Kg2 Rb3 43. Ra7 Be2 44. Re7
Bf3+ 45. Kh2 Be4 46. Re6 Bd3 47. Rd6 Bc4 48. Rxg6+ Kh7 49. Rd6 Rf3 50. Kg2 Rf7
51. Re6 Kg7 52. Re5 Kg6 53. Kg3 Kh6 54. Be7 Kg6 55. f4 Rf5 56. h5+ Rxh5 57.
Rxh5 Kxh5 58. f5 Kh6 59. Bf6 Kh7 60. Kf4 Kg8 61. Ke5 Kf7 62. Bg5 Bb3 63. Kd6
Bc4 64. Kc6 Bb3 65. Kc5 Bc4 66. Kb6 Bb5 1/2-1/2

[Event "Sampa Chess Open 2024"]
[Site "Sao Paulo"]
[Date "2024.01.29"]
[Round "1.43"]
[White "De Oliveira, Lucas Silva"]
[Black "De Brito E Silva, William"]
[Result "0-1"]
[WhiteElo "1800"]
[BlackElo "1549"]
[PlyCount "88"]
[EventDate "2024.01.29"]
[EventRounds "9"]
[EventCountry "BRA"]

1. e4 e5 2. Nf3 Nc6 3. Bc4 Bc5 4. c3 Nf6 5. d3 d6 6. a4 a6 7. b4 Ba7 8. Nbd2
O-O 9. O-O Bg4 10. Re1 $146 ({RR} 10. Bb2 Qd7 11. Qb3 Be6 12. Bd5 Bxd5 13. exd5
Ne7 14. c4 b5 15. axb5 axb5 16. Rac1 bxc4 17. dxc4 Rab8 18. b5 Bc5 19. Ng5 Qf5
20. Ngf3 Ng6 21. Qc2 Qxc2 22. Rxc2 Ra8 23. Bc3 h6 24. Nb3 Bb6 {Nigmatov,
O-Azimi,K Kemer 2007 0-1 (51)}) 10... h6 11. Nf1 Qd7 12. h3 Be6 13. Ng3 Ne7 14.
Be3 Bxe3 15. Rxe3 Bxc4 16. dxc4 Ng6 17. Nf5 Kh7 18. N3h4 Qc6 19. Qb3 Nxe4 20.
Qc2 Ng5 21. Ne7 Qe8 22. Nhxg6 fxg6 23. h4 Qxe7 24. hxg5 Qxg5 25. Rg3 Qf5 26.
Qd2 Rf6 27. Re1 Raf8 28. Re2 Qb1+ 29. Kh2 Qb3 30. Qd3 Qxa4 31. Re4 Qe8 32. Reg4
Qe6 33. Qb1 Qf5 34. Qxf5 Rxf5 35. Rxg6 R8f7 36. f3 Rf4 37. R6g4 g5 38. Kg1 Kg6
39. Kf2 Rxg4 40. Rxg4 h5 41. Re4 Rf4 42. Ke3 Kf5 43. Rxf4+ exf4+ 44. Kd4 g4 0-1

[Event "Sampa Chess Open 2024"]
[Site "Sao Paulo"]
[Date "2024.01.29"]
[Round "1.44"]
[White "Matiuci, Bernardo Steinle"]
[Black "De Bastiani, Tales Otavio"]
[Result "1-0"]
[WhiteElo "1546"]
[BlackElo "1800"]
[PlyCount "133"]
[EventDate "2024.01.29"]
[EventRounds "9"]
[EventCountry "BRA"]

1. d4 d5 2. c4 e6 3. Nc3 a6 4. cxd5 exd5 5. Bf4 Nf6 6. e3 c6 7. Bd3 Bd6 8. Bg5
h6 9. Bh4 O-O 10. Nge2 Re8 $146 ({RR} 10... Nbd7 11. Bg3 Qe7 12. Qc2 c5 13. Bh4
g5 14. Bg3 b5 15. dxc5 Nxc5 16. O-O b4 17. Na4 Nxd3 18. Qxd3 Bd7 19. Qd1 Rab8
20. Rc1 h5 21. Nd4 h4 22. Bxd6 Qxd6 23. Nc5 Ng4 24. Nf3 Bb5 25. Re1 {Li Bo 
(2312)-Aoshima,M (2280) Hong Kong HKG 2018 1/2-1/2 (64)}) 11. Qd2 Be6 12. f3
Qe7 13. O-O Nbd7 14. e4 g5 15. Bxg5 hxg5 16. Qxg5+ Kf8 17. e5 Nxe5 18. dxe5
Bc5+ 19. Kh1 Ng8 20. Qg3 f5 21. Nf4 Qg7 22. Qxg7+ Kxg7 23. Rac1 Bd4 24. Rfe1
Nh6 25. Nd1 Bc8 26. g3 Rxe5 27. Rxe5 Bxe5 28. Ng2 Bd7 29. f4 Bf6 30. Nde3 Re8
31. h3 Bd4 32. Nd1 Nf7 33. Nh4 Nd6 34. Nf3 Bf6 35. Nc3 Ne4 36. Kg2 Kf7 37. Na4
Be7 38. Bxe4 dxe4 39. Ne5+ Ke6 40. Rd1 Bd6 41. Nxd7 Kxd7 42. Nc5+ Kc7 43. Nxb7
Kxb7 44. Rxd6 e3 45. Kf1 e2+ 46. Ke1 Re3 47. Rg6 Kc7 48. h4 Kd7 49. h5 Ke7 50.
h6 Kf7 51. Rg5 Kf6 52. h7 Re8 53. Rh5 Rh8 54. Kxe2 Kg6 55. Rh2 Rxh7 56. Rxh7
Kxh7 57. Kf3 Kg7 58. g4 fxg4+ 59. Kxg4 Kg6 60. b4 Kf6 61. f5 Kf7 62. Kg5 Kg7
63. f6+ Kf7 64. Kf5 Kf8 65. Ke6 Ke8 66. a4 Kf8 67. f7 1-0